| 000 | 02410nam0a2200373 4500 | ||
|---|---|---|---|
| 001 | RU\NLR\bibl\79801 | ||
| 005 | 20260406104913.0 | ||
| 010 |
_a5-93196-014-7 _97000 |
||
| 021 |
_aRU _b1999-42347 _92082 |
||
| 035 | _a(NLR Aleph) 000077902 | ||
| 090 |
_a432557 _c432557 |
||
| 100 | _a20000410d1999 |||y0rusy50 ca | ||
| 101 | 0 | _arus | |
| 102 | _aRU | ||
| 105 | _ay ||||||||| | ||
| 200 | 1 |
_aСборник распорядительных документов по технике безопасности при обслуживании тепломеханического оборудования электростанций, тепловых сетей и объектов, подконтрольных Госгортехнадзору России _fРос. АО энергетики и электрификации "ЕЭС России" |
|
| 210 |
_aМ. _cНЦ ЭНАС _d1999 |
||
| 215 |
_a260 с. _d22 |
||
| 606 | 0 |
_aЭлектрические станции _jНормативные и руководящие материалы _xЭксплуатация _xТехника безопасности _92074378 _3RU\NLR\auth\661249372 |
|
| 606 | 0 |
_aТепловые сети _jНормативные и руководящие материалы _xЭксплуатация _xТехника безопасности _91749336 _3RU\NLR\auth\661079160 |
|
| 606 | 0 |
_aЭлектрические станции _jНормативные документы _xЭксплуатация _xТехника безопасности _92074378 _3RU\NLR\auth\661249372 |
|
| 606 | 0 |
_aТепловые сети _jНормативные документы _xЭксплуатация _xТехника безопасности _91749336 _3RU\NLR\auth\661079160 |
|
| 606 | 0 |
_aТехнический надзор _jНормативные и руководящие материалы _9897426 _3RU\NLR\auth\665484 |
|
| 606 | 0 |
_aТехнический надзор _jНормативные документы _9897426 _3RU\NLR\auth\665484 |
|
| 686 | _aЗ277н65я8 | ||
| 686 | _aЗ385-082н65я8 | ||
| 686 | _aЖ.н607я8 | ||
| 712 | 0 | 2 |
_4570 _a"ЕЭС", российское акционерное общество энергетики и электрификации _3RU\NLR\AUTH\883732 _9278773 |
| 801 | 0 |
_aRU _bNLR _c20000410 _gPSBO |
|
| 801 | 1 |
_aRU _bNLR _c20000410 |
|
| 852 |
_aNLR _j2000-5/243 |
||
| 942 | _cBOOK | ||
| 980 | _aNB | ||